000 01465cam a22004097a 4500
001 000093300
003 CHAP
005 20220329142929.0
008 050303d2004 mx r 00110 spa d
010 _a89766
011 _a90738
035 _a101295
040 _cCHAP
090 _aTesis
100 0 0 _aCastillo Felipe, José Bidalí.
_920122
245 1 0 _aCaracterísticas morfológicas del frijol relacionadas con la habilidad competitiva hacia malezas /
_c/por José Bidalí Castillo Felipe.
260 _aChapingo, Méx. :
_bEl autor,
_c2004.
300 _a43 h. :
_bcuadros.
502 _aTesis (Ing. Agr. Esp. en Parasitología Agriccola) -- UACH. Departamentode Parasitología Agrícola.
590 _aALEPH
_b10
_c20130110
_lUCH01
_h1504
590 _aBATCH-UPD
_b10
_c20130110
_lUCH01
_h0630
590 _aBATCH-UPD
_b10
_c20130410
_lUCH01
_h0313
590 _aBATCH-UPD
_b10
_c20130914
_lUCH01
_h0857
590 _aBATCH-UPD
_b10
_c20140324
_lUCH01
_h1449
590 _aBATCH-UPD
_b10
_c20141002
_lUCH01
_h0825
590 _aCONVERSION
_b10
_c20130109
_lUCH01
_h1350
590 _aE11695DGD
_b10
_c20141027
_lUCH01
_h1129
590 _aE12093SGE
_b10
_c20130717
_lUCH01
_h1212
650 1 4 _aFrijol
_xFisiología y morfología.
_943380
650 1 4 _aFrijol
_xMalas hierbas
_xControl.
_943402
650 1 4 _aFrijol
_xRendimiento.
_943429
650 1 4 _aMalas hierbas
_xCompetencia.
_970009
901 _aBK
905 _aElisama A. H.
942 _cCD
942 _n0
999 _c89766
_d89766